Southville International School and Colleges
Your cart is empty.
  • Cart
  • Lists
    Public lists Eva Luna New books Lux_list list_1
    Your lists Log in to create your own lists
  • Log in to your account
  • Your cookies
  • Search history
Southville International School and Colleges
  • Advanced search
  • Recent comments
  • Most popular
  • Libraries

Log in to your account

Log in with GOOGLE


If you do not have an external account, but do have a local account, you can still log in:

  1. Home
  2. MARC view: On a wicked dawn
Normal view MARC view ISBD view

On a wicked dawn (Record no. 12159)

[ view plain ]
MARC details
000 -LEADER
fixed length control field 00478nam a22001817a 4500
003 - CONTROL NUMBER IDENTIFIER
control field PILC
005 - DATE AND TIME OF LATEST TRANSACTION
control field 20160129112849.0
008 - FIXED-LENGTH DATA ELEMENTS--GENERAL INFORMATION
fixed length control field 121115t xxu||||| |||| 00| 0 eng d
020 ## - INTERNATIONAL STANDARD BOOK NUMBER
International Standard Book Number 9780749938215
050 ## - LIBRARY OF CONGRESS CALL NUMBER
Classification number PR 9619.3
Item number .L381 2007
082 ## - DEWEY DECIMAL CLASSIFICATION NUMBER
Classification number FIC
Item number L37o 2007
100 ## - MAIN ENTRY--PERSONAL NAME
Personal name Laurens, Stephanie
9 (RLIN) 21808
245 ## - TITLE STATEMENT
Title On a wicked dawn
Statement of responsibility, etc Stephanie Laurens
260 ## - PUBLICATION, DISTRIBUTION, ETC. (IMPRINT)
Place of publication, distribution, etc New York :
Name of publisher, distributor, etc Piatkus Books,
Date of publication, distribution, etc 2007.
300 ## - PHYSICAL DESCRIPTION
Extent 519 p. :
Dimensions 20 cm.
942 ## - ADDED ENTRY ELEMENTS (KOHA)
Source of classification or shelving scheme Library of Congress Classification
Koha item type Books
Holdings
Withdrawn status Lost status Source of classification or shelving scheme Damaged status Home library Current library Shelving location Date acquired Total Checkouts Full call number Barcode Date last seen Date checked out Copy number Price effective from Koha item type
    Library of Congress Classification   Luxembourg Library Luxembourg Library Fiction Section 09/26/2013 3 PR 9619.3 .L381 2007 15963 09/20/2018 09/19/2018 1 09/26/2013 Books

On a wicked dawn

APA

Laurens S., . (2007). On a wicked dawn. New York: Piatkus Books.

Chicago

Laurens Stephanie, . 2007. On a wicked dawn. New York: Piatkus Books.

Harvard

Laurens S., . (2007). On a wicked dawn. New York: Piatkus Books.

MLA

Laurens Stephanie, . On a wicked dawn. New York: Piatkus Books. 2007.

  • Place hold
  • Print
  • Cite
  • Add to your cart (remove)
  • Save record
    BIBTEX Dublin Core MARCXML MARC (non-Unicode/MARC-8) MARC (Unicode/UTF-8) MARC (Unicode/UTF-8, Standard) MODS (XML) RIS
  • More searches
    Search for this title in:
    Other Libraries (WorldCat) Other Databases (Google Scholar) Online Stores (Bookfinder.com) Open Library (openlibrary.org)

Exporting to Dublin Core...

SOUTHVILLE LIBRARY

Southville International School and Colleges Library

1281 Tropical Ave. Cor. Luxembourg St., BF Homes International, Las Pinas City

Tel. No. 8256374 / 252358 Loc. 117/146

Powered by Koha